UBT Library

Ethical dilemmas in pediatrics : (Record no. 46983)

000 -LEADER
fixed length control field 00738pam a2200253 a 4500
001 - CONTROL NUMBER
control field 579869
005 - DATE AND TIME OF LATEST TRANSACTION
control field 20180809080719.0
008 - FIXED-LENGTH DATA ELEMENTS--GENERAL INFORMATION
fixed length control field 900924s1991 nyu b 001 0 eng c
010 ## - LIBRARY OF CONGRESS CONTROL NUMBER
LC control number 90010398
020 ## - INTERNATIONAL STANDARD BOOK NUMBER
International Standard Book Number 0387974547 (alk. paper)
020 ## - INTERNATIONAL STANDARD BOOK NUMBER
International Standard Book Number 3540974547 (alk. paper)
040 ## - CATALOGING SOURCE
Original cataloging agency DNLM/DLC
Transcribing agency DLC
Modifying agency DLC
041 ## - LANGUAGE CODE
Language code of text/sound track or separate title eng
060 ## - NATIONAL LIBRARY OF MEDICINE CALL NUMBER
Classification number WS 21 F724e
080 ## - UNIVERSAL DECIMAL CLASSIFICATION NUMBER
Universal Decimal Classification number 174.2 FOR
082 00 - DEWEY DECIMAL CLASSIFICATION NUMBER
Classification number 174.2 FOR
Edition number 20
100 1# - Rafti
Rafti 8
101 ## - Shkurtesa
Shkurtesa PED
245 10 - TITLE STATEMENT
Title Ethical dilemmas in pediatrics :
Statement of responsibility, etc Edwin N. Forman, Rosalind Ekman Ladd.
504 ## - BIBLIOGRAPHY, ETC. NOTE
Bibliography, etc Includes bibliographical references and index.
906 ## - LOCAL DATA ELEMENT F, LDF (RLIN)
a 7
b cbc
c orignew
d 1
e ocip
f 19
g y-gencatlg
942 ## - ADDED ENTRY ELEMENTS (KOHA)
Source of classification or shelving scheme
Item type Books
Holdings
Withdrawn status Lost status Source of classification or shelving scheme Damaged status Not for loan Collection code Permanent location Current location Shelving location Date acquired Total Checkouts Full call number Barcode Date last seen Price effective from Koha item type
          Koleksioni i përgjithshem UBT - Lipjan UBT - Lipjan Koleksioni i përgjithshem 08/09/2018   174.2 FOR 002-3010636 08/09/2018 08/09/2018 Books
UBT Library © 2015-2024. All rights reserved University Education for Business and Technology